Normal view
MARC view
- MTG LEARNING MEDIA P
Entry Personal Name
001 - CONTROL NUMBER
- control field: 7812
003 - CONTROL NUMBER IDENTIFIER
- control field: OSt
005 - DATE AND TIME OF LATEST TRANSACTION
- control field: 20241118085306.0
008 - FIXED-LENGTH DATA ELEMENTS
- fixed length control field: 241118|| aca||aabn | a|a d
040 ## - CATALOGING SOURCE
- Original cataloging agency: OSt
- Transcribing agency: OSt
100 ## - HEADING--PERSONAL NAME
- Personal name: MTG LEARNING MEDIA P
670 ## - SOURCE DATA FOUND
- Source citation: Work cat.: (OSt)12702: MTG LEARNING MEDIA P , CBSE PHYSICS 12 SAMPLE PAPERS